Statistiche per Forme di Stati che Rivelano Forme di Stati

Clicka qui per fare il quiz!

Statistiche generali

  • Questo quiz è stato fatto 2.269 volte
  • Il punteggio medio è 18 su 21

Risposte nella Mappa

Le risposte nella mappa del quiz sottostante sono codificate secondo una scala di colori dal rosso al verde in base alla % di persone che hanno risposto correttamente.
 

Statistiche sulle risposte

Risposta% Corretto
Stati Uniti
99%
Australia
98%
Francia
97%
India
97%
Regno Unito
97%
Giappone
94%
Russia
94%
Cipro
93%
Egitto
92%
Grecia
92%
Canada
91%
Indonesia
91%
Madagascar
90%
Cina
88%
Brasile
87%
Sudafrica
82%
Somalia
81%
Croazia
79%
Nuova Zelanda
74%
Sri Lanka
71%
Senegal
59%

Distribuzione punteggi

Percentile per numero di risposta

Percentuale di utenti per punteggio

I tuoi punteggi nel tempo

Non hai fatto questo quiz